000 01021nam a2200253Ia 4500
003 OSt
005 20220923211158.0
006 a|||||r|||| 00| 0
007 ta
008 220922b |||||||| |||| 00| 0 hin d
020 _a8188123404 (hbk)
_c60
024 _a235,251
037 _b450, 12/03/2008, Swaraj Prakashan
_cTextual
040 _aARTS
_cARTS
_bhin
041 _2hin
_ahin
082 _aU8.245, 152P3
100 _aकोहली, द्रोणवीर
_9159212
245 0 _aदेवताओं की घाटी
_b बाल एंव किशोरोपयोगी यात्रा - वृत्तांत
246 _aDevatāoan kī ghāṭī: bāl eanva kishoropayogī yātrā - vṛuttāanta
260 _aदिल्ली
_b हिमाचल पुस्तक भंडार
_c2003
300 _a80पृ.
_ccm.
942 _hU8.245, 152P3
_cTEXL
_2CC
999 _c296409
_d296409